Impact of the war on commercial banking in Colorado : a review of principal changes in assets, deposits, capital and profits of commercial banks in Colorado since 1939 and comparisons with changes in other localities.

Bibliographic Details
Main Author: Halaas, E. T. (Eugene Trygve), 1898-
Format: Book
Language:English
Published: [Denver] : Bureau of Business and Social Research and the College of Business Administration of the Univ. of Denver, 1948.
Subjects:

MARC

Tag First Indicator Second Indicator Subfields
LEADER 00000cam a2200000 4500
001 in00000056223
005 20151008052413.0
008 790525s1948 cou 00000 eng
010 |a  49000925  
035 |a (OCoLC)05005140 
035 |a AAH3178AM 
040 |a DLC  |c CLE  |d TXA  |d UtOrBLW 
049 |a TXAM  |c [157899] 
082 0 |a 332.1 
090 |a HG2611.C6  |b H3 1948 
092 |a 332.1  |b H157i 
100 1 |a Halaas, E. T.  |q (Eugene Trygve),  |d 1898- 
245 1 0 |a Impact of the war on commercial banking in Colorado :  |b a review of principal changes in assets, deposits, capital and profits of commercial banks in Colorado since 1939 and comparisons with changes in other localities. 
264 1 |a [Denver] :  |b Bureau of Business and Social Research and the College of Business Administration of the Univ. of Denver,  |c 1948. 
300 |a 32, 51 pages :  |b tables. ;  |c 28 cm. 
336 |a text  |b txt  |2 rdacontent 
337 |a unmediated  |b n  |2 rdamedia 
338 |a volume  |b nc  |2 rdacarrier 
650 0 |a Banks and banking  |z Colorado. 
999 |a MARS 
999 f f |s 4bc3a6d8-3ac8-34fc-a5a8-016651be5587  |i fc6f08d0-cd5f-34b4-b7ae-f120bffecbb0  |t 0 
952 f f |p ric  |a Texas A&M University  |b Rellis Campus  |c Joint Library Facility  |d Remote Storage  |t 0  |e HG2611.C6 H3 1948  |h Library of Congress classification  |i unmediated -- volume  |m A14800728469 
998 f f |a HG2611.C6 H3 1948  |t 0  |l Remote Storage